<?xml version="1.0" encoding="UTF-8"?>
<record
    xmlns:xsi="http://www.w3.org/2001/XMLSchema-instance"
    xsi:schemaLocation="http://www.loc.gov/MARC21/slim http://www.loc.gov/standards/marcxml/schema/MARC21slim.xsd"
    xmlns="http://www.loc.gov/MARC21/slim">

  <leader>01302cam a22002651a 4500</leader>
  <datafield tag="999" ind1=" " ind2=" ">
    <subfield code="c">6887</subfield>
    <subfield code="d">6887</subfield>
  </datafield>
  <controlfield tag="001">449788</controlfield>
  <controlfield tag="003">OCoLC</controlfield>
  <controlfield tag="005">20190121150604.0</controlfield>
  <controlfield tag="008">710318s1968    miu      b    001 0beng  </controlfield>
  <datafield tag="010" ind1=" " ind2=" ">
    <subfield code="a">68030985</subfield>
  </datafield>
  <datafield tag="020" ind1=" " ind2=" ">
    <subfield code="a">0802833330</subfield>
  </datafield>
  <datafield tag="020" ind1=" " ind2=" ">
    <subfield code="a">9780802833334</subfield>
  </datafield>
  <datafield tag="040" ind1=" " ind2=" ">
    <subfield code="a">DLC</subfield>
    <subfield code="b">eng</subfield>
    <subfield code="c">DLC</subfield>
    <subfield code="d">OCL</subfield>
    <subfield code="d">OCLCG</subfield>
    <subfield code="d">WY@</subfield>
    <subfield code="d">XBE</subfield>
    <subfield code="d">YDXCP</subfield>
    <subfield code="d">GZU</subfield>
    <subfield code="d">OCLCQ</subfield>
    <subfield code="d">OG#</subfield>
    <subfield code="d">BDX</subfield>
  </datafield>
  <datafield tag="050" ind1="0" ind2=" ">
    <subfield code="a">BT301.2</subfield>
    <subfield code="b">.H3</subfield>
  </datafield>
  <datafield tag="082" ind1=" " ind2=" ">
    <subfield code="a">232.9</subfield>
    <subfield code="b">H318S</subfield>
  </datafield>
  <datafield tag="100" ind1="1" ind2=" ">
    <subfield code="a">Harrison, Everett Falconer,</subfield>
    <subfield code="d">1902-</subfield>
  </datafield>
  <datafield tag="245" ind1="1" ind2="2">
    <subfield code="a">A short life of Christ /</subfield>
    <subfield code="c">by Everett F. Harrison.</subfield>
  </datafield>
  <datafield tag="260" ind1=" " ind2=" ">
    <subfield code="a">Grand Rapids :</subfield>
    <subfield code="b">W.B. Eerdmans,</subfield>
    <subfield code="c">[1968]</subfield>
  </datafield>
  <datafield tag="300" ind1=" " ind2=" ">
    <subfield code="a">288 p. ;</subfield>
    <subfield code="c">23 cm.</subfield>
  </datafield>
  <datafield tag="504" ind1=" " ind2=" ">
    <subfield code="a">Includes bibliographical references and indexes.</subfield>
  </datafield>
  <datafield tag="505" ind1="0" ind2=" ">
    <subfield code="a">The historicity of Jesus -- The birth -- The infancy and boyhood -- The baptism -- The temptation -- Jesus as teacher -- The miracles -- Conflict with the pharisees -- The call and training of the twelve -- The transfiguration -- The triumphal entry and the cleansing of the temple -- The upper room -- Gethsemane -- The arrest and trial -- The crucifixion -- The resurrection -- The ascension -- "What sort of man is this?"</subfield>
  </datafield>
  <datafield tag="600" ind1="0" ind2="0">
    <subfield code="a">Jesus Christ.</subfield>
  </datafield>
  <datafield tag="776" ind1="0" ind2="8">
    <subfield code="i">Online version:</subfield>
    <subfield code="a">Harrison, Everett Falconer, 1902-</subfield>
    <subfield code="t">Short life of Christ.</subfield>
    <subfield code="d">Grand Rapids, W.B. Eerdmans [1968]</subfield>
    <subfield code="w">(OCoLC)647546752</subfield>
  </datafield>
  <datafield tag="942" ind1=" " ind2=" ">
    <subfield code="2">ddc</subfield>
    <subfield code="c">BK</subfield>
  </datafield>
  <datafield tag="952" ind1=" " ind2=" ">
    <subfield code="0">0</subfield>
    <subfield code="1">0</subfield>
    <subfield code="2">ddc</subfield>
    <subfield code="4">0</subfield>
    <subfield code="7">0</subfield>
    <subfield code="8">NFIC</subfield>
    <subfield code="a">HMC</subfield>
    <subfield code="b">HMC</subfield>
    <subfield code="c">GEN</subfield>
    <subfield code="d">2019-01-21</subfield>
    <subfield code="g">1250.00</subfield>
    <subfield code="l">0</subfield>
    <subfield code="o">232.9 H318S</subfield>
    <subfield code="p">007745</subfield>
    <subfield code="r">2019-01-21 00:00:00</subfield>
    <subfield code="w">2019-01-21</subfield>
    <subfield code="y">BK</subfield>
  </datafield>
</record>
